000 00350nam a2200133Ia 4500
008 240624s9999 xx 000 0 und d
041 _aeng
082 _a153.852 HOG
100 _aHOGAN KEVIN
245 _aCOVERT PERSUASION PSYCHOLOGICAL TACTICS
260 _c2006
_aNew Jersey
_bJohn Wiley and Sons
300 _axvi, : 223p. ; 22cm.
365 _c
_b27
999 _c4586
_d4586